[Event "SLO-chT1 East"]
[White "Benko, Bostjan"]
[Black "Lipovsek, Miran"]
[Site "Slovenia"]
[Round "5"]
[Result "0-1"]
[Date "2016.11.12"]
[WhiteElo "1996"]
[BlackElo "1904"]
[PlyCount "98"]
[EventDate "2016.09.23"]
[EventType "team-tourn"]
[EventRounds "9"]
[EventCountry "SLO"]
[SourceTitle "EXT 2019"]
[Source "ChessBase"]
[SourceDate "2018.10.10"]
[SourceVersion "1"]
[SourceVersionDate "2018.10.10"]
[SourceQuality "1"]
[WhiteTeam "Zagorje ob Savi"]
[BlackTeam "Fram"]
[WhiteTeamCountry "SLO"]
[BlackTeamCountry "SLO"]

1. e4 e5 2. Nf3 Nc6 3. d4 exd4 4. Bc4 Nf6 5. 0-0 Be7 6. Re1 d6 7. Nxd4 Ne5 8. Bf1 0-0 9. c4 Bg4 10. f3 Bd7 11. Nc3 c6 12. Qb3 Qc7 13. Be3 Nh5 14. Nf5 Be6 15. Rad1 Rfd8 16. Nd4 Bd7 17. Nf5 Bf8 18. Qc2 Nf6 19. Qf2 Be6 20. Bxa7 c5 21. Nb5 Qa5 22. b3 Rxa7 23. Nxa7 Qxa7 24. Rd2 Bxf5 25. exf5 Nc6 26. g4 h6 27. h4 Nh7 28. Rde2 Qb8 29. Qg3 Nd4 30. Rh2 Qc8 31. Bd3 Qd7 32. g5 hxg5 33. hxg5 Nxg5 34. Be4 Qe7 35. Kf2 Qf6 36. Qg4 Re8 37. Reh1 g6 38. Rg2 Be7 39. fxg6 fxg6 40. Bd5+ Kf8 41. f4 Nde6 42. Kg3 Kg7 43. Re2 Nd4 44. Reh2 Nf5+ 45. Kf2 Qd4+ 46. Ke1 Qc3+ 47. Kf2 Bf6 48. fxg5 Qd2+ 49. Kf3 Re3+ 0-1

[Event "SLO-chT1 East"]
[White "Lipovsek, Miran"]
[Black "Petauer, Eva"]
[Site "Slovenia"]
[Round "4"]
[Result "0-1"]
[Date "2016.11.11"]
[WhiteElo "1904"]
[BlackElo "1911"]
[PlyCount "130"]
[EventDate "2016.09.23"]
[EventType "team-tourn"]
[EventRounds "9"]
[EventCountry "SLO"]
[SourceTitle "EXT 2019"]
[Source "ChessBase"]
[SourceDate "2018.10.10"]
[SourceVersion "1"]
[SourceVersionDate "2018.10.10"]
[SourceQuality "1"]
[WhiteTeam "Fram"]
[BlackTeam "Celjski"]
[WhiteTeamCountry "SLO"]
[BlackTeamCountry "SLO"]

1. e4 e5 2. Nf3 Nc6 3. d4 exd4 4. Bc4 Nf6 5. e5 d5 6. Bb5 Ne4 7. Nxd4 Bd7 8. e6 fxe6 9. Bxc6 bxc6 10. 0-0 c5 11. f3 Nf6 12. Ne2 Bd6 13. Bf4 0-0 14. Bxd6 cxd6 15. Re1 d4 16. Nd2 Nd5 17. Ne4 Bc6 18. Qd2 Ne3 19. N2g3 Nc4 20. Qc1 Bxe4 21. Nxe4 e5 22. c3 Rc8 23. Qd1 Kh8 24. Qe2 Ne3 25. Rac1 Qe7 26. cxd4 cxd4 27. Qa6 Rxc1 28. Rxc1 h6 29. Nxd6 Rd8 30. Rc6 Rf8 31. Ne4 Qh4 32. Ng3 Qg5 33. Rg6 Qe7 34. Nh5 Nf5 35. g4 Qh4 36. Qe2 Rc8 37. Qd2 Rc7 38. Re6 Ne3 39. Rxe5 Rc8 40. Ng3 Qh3 41. Rxe3 dxe3 42. Qxe3 Qh4 43. b4 Qd8 44. a3 Qd7 45. Ne2 Re8 46. Qd4 Qc6 47. Qd3 Qb6+ 48. Kf1 Qe3 49. Qxe3 Rxe3 50. Kf2 Rxa3 51. Nd4 Kg8 52. h4 Kf7 53. h5 Kf6 54. f4 Rc3 55. Nb5 Rc4 56. Nxa7 Rxf4+ 57. Kg3 Rxb4 58. Nc6 Ra4 59. Kh4 Ra1 60. Nd4 Ke5 61. Nf5 Kf4 62. Kh3 Kg5 63. Nxg7 Ra3+ 64. Kh2 Kxg4 65. Kg1 Re3 0-1

[Event "SLO-chT2 East"]
[White "Lipovsek, Miran"]
[Black "Skuhala, Barbara"]
[Site "Slovenia"]
[Round "9"]
[Result "1-0"]
[Date "2015.11.21"]
[WhiteElo "1901"]
[BlackElo "1875"]
[PlyCount "43"]
[EventDate "2015.09.05"]
[EventType "team-tourn"]
[EventRounds "9"]
[EventCountry "SLO"]
[SourceTitle "EXT 2019"]
[Source "ChessBase"]
[SourceDate "2018.10.10"]
[SourceVersion "1"]
[SourceVersionDate "2018.10.10"]
[SourceQuality "1"]
[WhiteTeam "Fram"]
[BlackTeam "Radenska Ljutomer"]
[WhiteTeamCountry "SLO"]
[BlackTeamCountry "SLO"]

1. e4 c5 2. c3 d5 3. exd5 Qxd5 4. d4 e6 5. Nf3 Nf6 6. Bd3 cxd4 7. cxd4 Bb4+ 8. Nc3 0-0 9. 0-0 Bxc3 10. bxc3 b6 11. Re1 Ba6 12. Bc2 Nbd7 13. Ne5 Rac8 14. Ba3 Rfd8 15. Bb3 Qb7 16. Nxf7 Kxf7 17. Bxe6+ Kg6 18. Re3 h5 19. Qb1+ Kh6 20. Rg3 Qe4 21. Bc1+ Kh7 22. Bf5+ 1-0

[Event "SLO-chT2 East"]
[White "Suta, Tomaz"]
[Black "Lipovsek, Miran"]
[Site "Slovenia"]
[Round "7"]
[Result "1/2-1/2"]
[Date "2015.11.07"]
[WhiteElo "1673"]
[BlackElo "1901"]
[PlyCount "71"]
[EventDate "2015.09.05"]
[EventType "team-tourn"]
[EventRounds "9"]
[EventCountry "SLO"]
[SourceTitle "EXT 2019"]
[Source "ChessBase"]
[SourceDate "2018.10.10"]
[SourceVersion "1"]
[SourceVersionDate "2018.10.10"]
[SourceQuality "1"]
[WhiteTeam "Ptuj II"]
[BlackTeam "Fram"]
[WhiteTeamCountry "SLO"]
[BlackTeamCountry "SLO"]

1. e4 e5 2. Nf3 Nc6 3. d4 exd4 4. Nxd4 Nf6 5. Nxc6 bxc6 6. e5 Nd5 7. c4 Nb6 8. Be2 Be7 9. 0-0 0-0 10. Nc3 d5 11. exd6 cxd6 12. Bf3 Bb7 13. b3 d5 14. cxd5 cxd5 15. Be3 Bf6 16. Bd4 Rc8 17. Bxf6 Qxf6 18. Nb5 Ba6 19. Be2 Bxb5 20. Bxb5 d4 21. Rc1 Rcd8 22. Bc4 Nd7 23. Qc2 Ne5 24. Rfd1 h5 25. h3 Qg5 26. Kf1 Rd6 27. Qd2 Qh4 28. Re1 Ng6 29. f3 Rfd8 30. Re4 Qg3 31. Qf2 Qxf2+ 32. Kxf2 d3 33. Rd1 Kf8 34. Rd2 f5 35. Re1 Nf4 36. h4 1/2-1/2

[Event "SLO-chT2 East"]
[White "Bukosek, Anton"]
[Black "Lipovsek, Miran"]
[Site "Slovenia"]
[Round "5"]
[Result "1-0"]
[Date "2014.10.11"]
[WhiteElo "1522"]
[BlackElo "2032"]
[PlyCount "105"]
[EventDate "2014.09.13"]
[EventType "team-tourn"]
[EventRounds "9"]
[EventCountry "SLO"]
[SourceTitle "EXT 2019"]
[Source "ChessBase"]
[SourceDate "2018.10.10"]
[SourceVersion "1"]
[SourceVersionDate "2018.10.10"]
[SourceQuality "1"]
[WhiteTeam "Gornja Radgona"]
[BlackTeam "Fram"]
[WhiteTeamCountry "SLO"]
[BlackTeamCountry "SLO"]

1. c4 e5 2. Nc3 Nf6 3. d3 Bc5 4. e3 c6 5. Be2 d5 6. a3 Bf5 7. b4 Bb6 8. c5 Bc7 9. h3 h5 10. Bb2 Nbd7 11. Qc2 a5 12. e4 Bg6 13. Nf3 Qe7 14. 0-0 d4 15. Na4 Nh7 16. Bc1 0-0 17. Nb2 axb4 18. Bd2 bxa3 19. Nc4 Qxc5 20. Rfb1 Qa7 21. Bb4 Rfe8 22. Rxa3 Qb8 23. Rab3 f5 24. Nh4 Bf7 25. Nxf5 b5 26. Ncd6 Re6 27. Nxf7 Kxf7 28. Bxh5+ g6 29. Nh6+ Kg7 30. Bg4 Qe8 31. Bxe6 Qxe6 32. Ng4 Bb6 33. Bd2 Nc5 34. R3b2 Na4 35. Ra2 Rb8 36. Rc1 Rc8 37. Rxa4 bxa4 38. Qxa4 Nf6 39. Qc4 Qxc4 40. Rxc4 Nxg4 41. hxg4 Kf6 42. g5+ Ke6 43. Ra4 Kd7 44. g3 Bc7 45. Ra7 Kd6 46. Ba5 Kd7 47. Kg2 Kd6 48. Bxc7+ Rxc7 49. Rxc7 Kxc7 50. f4 Kd6 51. Kf3 Ke6 52. Ke2 Kd6 53. Kd2 1-0

[Event "Ptuj op"]
[White "Lipovsek, Miran"]
[Black "Rocchetti, Marco"]
[Site "Ptuj"]
[Round "3"]
[Result "1/2-1/2"]
[Date "2014.08.16"]
[WhiteElo "2032"]
[BlackElo "1880"]
[PlyCount "54"]
[EventDate "2014.08.15"]
[EventType "swiss"]
[EventRounds "9"]
[EventCountry "SLO"]
[SourceTitle "CBM 161 Extra"]
[Source "ChessBase"]
[SourceDate "2014.08.29"]
[SourceVersion "1"]
[SourceVersionDate "2014.08.29"]
[SourceQuality "1"]

1. e4 d5 2. exd5 Qxd5 3. d4 Nf6 4. Nf3 Bg4 5. Be2 e6 6. 0-0 Be7 7. c4 Qd8 8. Nc3 c6 9. Be3 0-0 10. Qb3 b6 11. Rfd1 Nbd7 12. Ne5 Bxe2 13. Nxe2 Qc8 14. Bg5 Re8 15. Bf4 Nxe5 16. Bxe5 Nd7 17. Bg3 Bd8 18. Rac1 Qb7 19. Qf3 Rc8 20. b4 Bc7 21. b5 Bxg3 22. Nxg3 Nf6 23. a4 Rc7 24. Ne4 Nxe4 25. Qxe4 Qc8 26. Ra1 cxb5 27. cxb5 Rd8 1/2-1/2

[Event "Ptuj op"]
[White "Meglic, Jaka"]
[Black "Lipovsek, Miran"]
[Site "Ptuj"]
[Round "2"]
[Result "1/2-1/2"]
[Date "2014.08.16"]
[WhiteElo "1670"]
[BlackElo "2032"]
[PlyCount "120"]
[EventDate "2014.08.15"]
[EventType "swiss"]
[EventRounds "9"]
[EventCountry "SLO"]
[SourceTitle "CBM 161 Extra"]
[Source "ChessBase"]
[SourceDate "2014.08.29"]
[SourceVersion "1"]
[SourceVersionDate "2014.08.29"]
[SourceQuality "1"]

1. e4 e5 2. Nf3 d6 3. d4 exd4 4. Nxd4 Nf6 5. Nc3 Be7 6. Bc4 0-0 7. 0-0 c6 8. a4 Qc7 9. Bf4 Nbd7 10. Bb3 Ne5 11. Qe2 a6 12. Rad1 Re8 13. Rfe1 b5 14. axb5 axb5 15. Nf5 Bf8 16. Qd2 b4 17. Nb1 d5 18. Ng3 Bd6 19. Bxe5 Rxe5 20. exd5 Rxe1+ 21. Rxe1 c5 22. Bc4 h5 23. c3 h4 24. Nf1 Bf5 25. Bd3 Bf4 26. Qd1 Bd7 27. c4 Ra1 28. Qe2 Ra2 29. h3 g5 30. Qe7 Kg7 31. Nbd2 Ng8 32. Qe4 f5 33. Qf3 Rxb2 34. Qh5 Qd6 35. Qd1 Nf6 36. Ne3 Bxe3 37. Rxe3 g4 38. Qe1 Kf7 39. hxg4 Nxg4 40. Rh3 Qf4 41. Nf3 Rxf2 42. Ne5+ Nxe5 43. Qxf2 Qxf2+ 44. Kxf2 Ng6 45. Bc2 Kf6 46. g3 f4 47. Rh1 fxg3+ 48. Kf3 Ne5+ 49. Kg2 Kg5 50. Re1 Nxc4 51. Re7 Nb6 52. d6 c4 53. Re5+ Kh6 54. Rc5 b3 55. Bb1 Kg7 56. Rh5 h3+ 57. Kxg3 c3 58. Rc5 c2 59. Bxc2 bxc2 60. Rxc2 Kf6 1/2-1/2

[Event "SLO-chT2 East"]
[White "Marguc, Franc"]
[Black "Lipovsek, Miran"]
[Site "Slovenia"]
[Round "9"]
[Result "1/2-1/2"]
[Date "2013.12.09"]
[WhiteElo "1887"]
[BlackElo "2055"]
[PlyCount "109"]
[EventDate "2013.09.07"]
[EventType "team-tourn"]
[EventRounds "9"]
[EventCountry "SLO"]
[SourceTitle "EXT 2015"]
[Source "ChessBase"]
[SourceDate "2014.11.20"]
[SourceVersion "1"]
[SourceVersionDate "2014.11.20"]
[SourceQuality "1"]

1. e4 e5 2. Nf3 d6 3. d4 exd4 4. Nxd4 Be7 5. Bd3 Nf6 6. 0-0 0-0 7. Nc3 Nbd7 8. Nd5 Nxd5 9. exd5 Ne5 10. Be2 f5 11. f4 Ng6 12. g3 Bf6 13. Be3 Re8 14. Bf2 Bd7 15. Bf3 Qe7 16. Re1 Qf7 17. Qd2 Ne7 18. c4 Rac8 19. Rab1 a6 20. b3 Kh8 21. Re2 Rg8 22. Ne6 h6 23. Rbe1 g5 24. fxg5 hxg5 25. Bd4 f4 26. g4 Ng6 27. Nxg5 Qg7 28. Bxf6 Qxf6 29. Ne6 Ne5 30. Qc3 Rg6 31. Rxe5 dxe5 32. Qxe5 Bxe6 33. dxe6 c6 34. Re4 Re8 35. Qxf4 Rxe6 36. Qxf6+ Rgxf6 37. Rxe6 Rxe6 38. Kf2 Kg7 39. h4 Kf6 40. Be2 Re4 41. Kf3 Ke5 42. h5 Rd4 43. Ke3 c5 44. h6 Kf6 45. Bf3 b6 46. h7 Rd8 47. Bd5 Kg6 48. Bg8 Kg7 49. g5 Rd1 50. g6 Ra1 51. Kd3 Rxa2 52. Kc3 Re2 53. Bf7 Re3+ 54. Kb2 Rd3 55. Ka3 1/2-1/2

[Event "SLO-chT2 East"]
[White "Lasic, Luka"]
[Black "Lipovsek, Miran"]
[Site "Brezice Maribor"]
[Round "5"]
[Result "1-0"]
[Date "2012.10.20"]
[WhiteElo "2243"]
[BlackElo "2082"]
[PlyCount "55"]
[EventDate "2012.09.08"]
[EventType "team-tourn"]
[EventRounds "9"]
[EventCountry "SLO"]
[SourceTitle "EXT 2022"]
[Source "ChessBase"]
[SourceDate "2021.10.06"]
[SourceVersion "1"]
[SourceVersionDate "2021.10.06"]
[SourceQuality "1"]

1. e4 e5 2. Nf3 d6 3. Bc4 Be7 4. d4 exd4 5. Nxd4 Nf6 6. Nc3 0-0 7. Bb3 c6 8. a3 Nbd7 9. f3 Nc5 10. Ba2 Nh5 11. 0-0 Be6 12. Nxe6 Nxe6 13. f4 Nf6 14. Be3 Qc7 15. Qf3 Nd7 16. Qh3 Nec5 17. b4 Bf6 18. e5 dxe5 19. bxc5 exf4 20. Bxf4 Be5 21. Bxe5 Nxe5 22. Ne4 Kh8 23. Ng5 h6 24. Rf6 Ng6 25. Nxf7+ Rxf7 26. Bxf7 Rf8 27. Raf1 Qe5 28. Bxg6 1-0

[Event "Ptuj op"]
[White "Lipovsek, Miran"]
[Black "Srebrnic, Vojko"]
[Site "Ptuj"]
[Round "8"]
[Result "1-0"]
[Date "2009.08.08"]
[WhiteElo "2098"]
[BlackElo "2212"]
[PlyCount "75"]
[EventDate "2009.08.02"]
[EventType "swiss"]
[EventRounds "9"]
[EventCountry "SLO"]
[SourceTitle "CBM 131 Extra"]
[Source "ChessBase"]
[SourceDate "2009.09.03"]
[SourceVersion "2"]
[SourceVersionDate "2009.09.16"]
[SourceQuality "1"]

1. e4 g6 2. d4 c6 3. Bd3 d5 4. Ne2 dxe4 5. Bxe4 Nf6 6. Nbc3 Bg7 7. 0-0 0-0 8. Bg5 Na6 9. Qd2 Nc7 10. Bh6 Be6 11. Bxg7 Kxg7 12. f4 Qd6 13. f5 Bc4 14. Bd3 Bxd3 15. Qxd3 Rad8 16. Rad1 Ncd5 17. Ng3 Nxc3 18. Qxc3 Qd5 19. Rfe1 Rd7 20. Re5 Qd6 21. d5 Kg8 22. Kh1 cxd5 23. Qd4 Rc8 24. Re2 Qb6 25. fxg6 hxg6 26. Qxb6 axb6 27. c3 Rc4 28. h3 e6 29. Rg1 Kg7 30. Re3 Ne4 31. Ne2 f5 32. Kh2 e5 33. b3 Rc8 34. Rd1 Kf6 35. g4 f4 36. Rxe4 dxe4 37. Rxd7 f3 38. Ng3 1-0

[Event "SLO-chT2 Ost"]
[White "Lipovsek, Miran"]
[Black "Bohak, Janko"]
[Site "Maribor"]
[Round "4"]
[Result "1/2-1/2"]
[Date "2009.06.06"]
[WhiteElo "2098"]
[BlackElo "2127"]
[PlyCount "55"]
[EventDate "2009.05.30"]
[EventType "team-tourn"]
[EventRounds "9"]
[EventCountry "SLO"]
[SourceTitle "EXT 2022"]
[Source "ChessBase"]
[SourceDate "2021.10.06"]
[SourceVersion "1"]
[SourceVersionDate "2021.10.06"]
[SourceQuality "1"]

1. e4 e5 2. Nf3 Nc6 3. d4 exd4 4. Bc4 Nf6 5. e5 d5 6. Bb5 Ne4 7. Nxd4 Bd7 8. Bxc6 bxc6 9. c3 Bc5 10. Be3 Qe7 11. 0-0 0-0 12. Re1 Bb6 13. f3 Ng5 14. Qc1 h6 15. h4 Nh7 16. Bf2 Rad8 17. b4 c5 18. bxc5 Bxc5 19. f4 Bb6 20. Qc2 c5 21. Nf3 Bg4 22. Nbd2 d4 23. cxd4 cxd4 24. Qd3 Qd7 25. Ne4 Bf5 26. h5 Rfe8 27. Nh4 Bxe4 28. Rxe4 1/2-1/2

[Event "SLO-chT2 Ost"]
[White "Gruden, Marjan"]
[Black "Lipovsek, Miran"]
[Site "Maribor"]
[Round "2"]
[Result "1-0"]
[Date "2009.05.30"]
[WhiteElo "1943"]
[BlackElo "2098"]
[PlyCount "65"]
[EventDate "2009.05.30"]
[EventType "team-tourn"]
[EventRounds "9"]
[EventCountry "SLO"]
[SourceTitle "EXT 2022"]
[Source "ChessBase"]
[SourceDate "2021.10.06"]
[SourceVersion "1"]
[SourceVersionDate "2021.10.06"]
[SourceQuality "1"]

1. e4 e5 2. Nf3 Nc6 3. Bb5 Nf6 4. Nc3 d6 5. h3 Be7 6. 0-0 0-0 7. d4 exd4 8. Nxd4 Ne5 9. f4 Ng6 10. Be3 c6 11. Bd3 Re8 12. Qf3 Qc7 13. Kh1 Bd7 14. a4 a6 15. a5 c5 16. Nf5 Bc6 17. Nd5 Bxd5 18. exd5 Bf8 19. c4 b6 20. Bd2 Ne7 21. Bc3 b5 22. b3 Qd7 23. g4 Nxf5 24. Bxf5 Qd8 25. Bc2 Nd7 26. g5 b4 27. Bb2 g6 28. h4 h5 29. f5 Ne5 30. Bxe5 Rxe5 31. fxg6 Ra7 32. gxf7+ Kg7 33. Qxh5 1-0